The Latest Trends in the Development of CSR and Corporate Hospitality As a Means of Increasing the Competitiveness of Companies in the International Environment

Medzinárodný marketing je založený na všeobecnej marketingovej filozofii a je to proces zameraný na optimalizáciu zdrojov a hľadanie príležitostí na svetovom trhu. Medzinárodný marketing zlepšuje možnosti uplatnenia týchto produktov na zahraničných trhoch, na ktorých má podnik konkurenčnú výhodu a v...

Descrizione completa

Salvato in:
Dettagli Bibliografici
Autore principale: Zorkóciová, Otília, 1954-
Natura: Capitolo di libro
Lingua:inglese
Soggetti:
Tags: Aggiungi Tag
Nessun Tag, puoi essere il primo ad aggiungerne!!

MARC

LEADER 00000naa$a2200000$$$4500
001 0295379
005 20250805084312.4
041 0 |a eng 
044 |a CZ 
245 1 0 |a The Latest Trends in the Development of CSR and Corporate Hospitality As a Means of Increasing the Competitiveness of Companies in the International Environment  |c Otília Zorkóciová 
520 |a Medzinárodný marketing je založený na všeobecnej marketingovej filozofii a je to proces zameraný na optimalizáciu zdrojov a hľadanie príležitostí na svetovom trhu. Medzinárodný marketing zlepšuje možnosti uplatnenia týchto produktov na zahraničných trhoch, na ktorých má podnik konkurenčnú výhodu a vedie k uspokojovaniu potrieb a želaní zahraničných zákazníkov. V rámci medzinárodného marketingu je zaujímavé venovať pozornosť Corporate Social Responsibility (CSR), ako aj politike Corporate Hospitality (CH), ktoré obe výrazne formujú celkovú firemnú identitu (CI) spoločnosti, najmä ich prvky firemnej kultúry a firemného imidžu. 
610 2 0 |a marketing medzinárodný 
610 2 0 |a korporácie 
610 2 0 |a kultúra podniková 
610 2 0 |a identita podniková 
610 2 0 |a zodpovednosť spoločenská 
610 2 0 |a imidž 
100 1 |a Zorkóciová, Otília, 1954-